000 00618nam a2200181 i 4500
001 75230
003 ES-MaACL
005 20230906172358.0
007 t|
008 040923s1918 sp ||||1| spa d
100 1 _aGraell, Guillermo (
_d1846-1927)
_959497
245 1 0 _aPrograma económico, social y político para después de la guerra /
_cpor Guillermo Graell.
260 _aBarcelona :
_b[s.n.],
_c1918 (
_fHijos de D. Casanovas)
300 _a334 p. ;
_c21 cm.
650 _aReconstrucción, 1914-1939.
_9162443
650 0 4 _aGuerra mundial, 1914-1918-
_xAspectos económicos.
_913213
852 _aES-MaACL
_jG-14101
999 _c75230
_d75230